000 00624nam a2200229Ia 4500
003 OSt
005 20220918204206.0
006 a|||||r|||| 00| 0
007 ta
008 220917b |||||||| |||| 00| 0 eng d
024 _a111,368
037 _cTextual
040 _aARTS
_cARTS
_beng
041 _2eng
_aeng
082 _aV53:10Y:M9, 122K0
100 _aLhomme J
_9110998
245 0 _aGrande bourgeoisie au pouvoir 1830-1880
_b Essai sur l histoitre sociale de la France
260 _c1960
650 _aHISTORY
942 _hV53:10Y:M9, 122K0
_cTEXL
_2CC
999 _c234717
_d234717